| 000 | 00550nam a22001817a 4500 | ||
|---|---|---|---|
| 005 | 20251108164022.0 | ||
| 008 | 250721s1994 xx 000 0 ara d | ||
| 082 | 1 | 4 | _a216,4/نصر |
| 100 | 1 | _aواصل، نصر فريد محمد | |
| 245 | 1 | 0 | _aمسائل الأحوال الشخصية في المواريث و الوصية / |
| 264 | 1 |
_aالقاهرة : _bدار البيان، _c1994. |
|
| 300 | _a256ص | ||
| 650 | 1 | 7 | _aالميراث |
| 650 | 1 | 7 | _aالوصايا |
| 650 | 1 | 7 | _aالفقه الإسلامي |
| 942 |
_2ddc _cBK |
||
| 999 |
_c1557 _d1557 |
||